Brand Logos that Start with H - Statistics

General Stats
  • This quiz has been taken 95 times
  • The average score is 7 of 12
Answer Stats
Picture Answer % Correct
Honda
81%
Heinz
77%
Hyundai
75%
Harley-Davidson
73%
Hertz
73%
Hulu
63%
Harvard
57%
HBO Max
46%
Hewlett Packard
43%
Haagen-Dazs
42%
Hilton
30%
Hennes and Mauritz
17%
No matching quizzes found
Score Distribution
Percent of People with Each Score
Percentile by Number Answered
Your Score History
You have not taken this quiz